Jalen Brunson Trivia - Statistics

General Stats
  • This quiz has been taken 304 times
    137 since last reset
  • The average score is 13 of 16
Answer Stats
Hint Answer % Correct
Team he was drafted by Dallas Mavericks
98%
Current team that he is captain of New York Knicks
98%
Jalen's number 11
92%
Position Point Guard
89%
Year he was drafted 2018
87%
Big man from Minnesota that formed a duo with Brunson Karl-Anthony Towns
87%
College he won a title with Villanova
87%
Josh Hart
86%
Career high in points 61
84%
"The Nova Knicks" Mikal Bridges
82%
His father who also played in the NBA and is an assistant coach {Rick} Brunson
81%
Was given this NBA award Clutch Player of the Year
70%
State that Jalen is from New Jersey
67%
Donte Divincenzo
63%
His nickname Brunson Burner
59%
Podcast with Josh Hart Roommates Show
37%
No matching quizzes found
Score Distribution
Percent of People with Each Score
Percentile by Number Answered
Your Score History
You have not taken this quiz since the last reset